Andre Derain (Запис номер 211132)
[ съкратено ]
| 000 -Лидер | |
|---|---|
| Контролно поле с фиксирана дължина | 01369nkm a2200385 c 4500 |
| 003 - Код на организацията, давaща контролен номер | |
| Контролно поле | BLK |
| 005 - Дата и час на последна редакция | |
| Контролно поле | 20201007040433.0 |
| 008 - Елементи от данни с фиксирана дължина | |
| fixed length control field | 180412b bul rap|r|||| r0| ||bulo| |
| 010 ## - Наследен системен номер | |
| LC control number | KNG00176935000 |
| 040 ## - Източник на каталожния запис | |
| Идентификатор на билиотеката - собственик на записа | BLK |
| 041 ## - Код за език | |
| Код за езика на текст/звукозапис или на отделно заглавие | Английски |
| Код за езика КДБФ | Английски |
| 080 ## - УДК | |
| Текстов определител УДК | Живопис - художници |
| УДК код - определител по УДК | 75.071.1 |
| УДК определител | (44)(092) |
| УДК - код + определител | 75.071.1(44)(092) |
| 080 ## - УДК | |
| Текстов определител УДК | Френски художник и илюстратор (1880-1954) |
| УДК код - определител по УДК | 929 Дьорен, Андре |
| УДК - код + определител | 929 Дьорен, Андре |
| 100 ## - Редна дума - Автор | |
| Автор | Derain, Andre |
| Авторска отговорност | първи автор |
| R(LIN) | 1299 |
| 139 ## - Редно поле | |
| Редна дума | Дьорен, Андре |
| Авторски знак | Дър - Д 96 |
| Filing suffix | Derain, Andre |
| Feature heading | D 45 |
| 245 10 - Сведения за заглавието | |
| Заглавие | Andre Derain |
| Редно поле (дума) | comp. and introd. by Natalia Brodskaya; Andre Derain; Андре Дьорен. |
| 257 ## - Страна на издаване | |
| Страна на създаване/издаване | Франция |
| 260 ## - Област на издателските данни | |
| Име на издателя, разпространителя и проч. | Aurora |
| Година на издаване | 1981 |
| 300 ## - Физическа характеристика | |
| Страници | 16 p., 32 p. |
| Илюстрации и др. | ill. |
| Размери/Мащаб | 33 cm |
| 380 ## - Жанр | |
| Жанр | Изкуство |
| 490 1# - СЕРИИ (Колекции) | |
| Име на серия | Masters of World Painting |
| 600 14 - Име на лице, използвано като предмет | |
| За него / За нея | Дьорен, Андре |
| 9 (RLIN) | 66084 |
| 650 #4 - Допълнително описание по предмет – тема | |
| Основно описание – тема или топоним | Художници, френски - албуми |
| 9 (RLIN) | 253572 |
| 651 #4 - Допълнително описание по предмет - топоним | |
| Географско понятие | Франция |
| 9 (RLIN) | 179722 |
| 653 ## - Ключова дума – ненормативна | |
| Ключова дума | френски художници |
| 653 ## - Ключова дума – ненормативна | |
| Ключова дума | фовизъм |
| 653 ## - Ключова дума – ненормативна | |
| Ключова дума | Андре Дьорен |
| 700 1# - Други автори (авторска отговорност) | |
| Лично име | Brodskaya, Natalia |
| Автороска отговорност (Описва отношението между автора и произведението) | comp. and introd. by |
| 9 (RLIN) | 6177 |
| 700 1# - Други автори (авторска отговорност) | |
| Лично име | Derain, Andre |
| 9 (RLIN) | 8368 |
| 700 1# - Други автори (авторска отговорност) | |
| Лично име | Дьорен, Андре |
| 9 (RLIN) | 66084 |
| 852 ## - Местоположение | |
| Форматна сигнатура | Цб Гр А ІІ 2793 |
| 856 4# - Електронен адрес и достъп | |
| Електронен формат | pdf - файл |
| Път до файла /url/ | |
| 856 4# - Електронен адрес и достъп | |
| Електронен формат | pdf - файл |
| Път до файла /url/ | |
| 999 ## - СИСТЕМНИ КОНТРОЛНИ НОМЕРА | |
| Koha biblionumber | 211132 |
| Koha biblioitemnumber | 211132 |
| 942 ## - АРТИКУЛИ | |
| Вид на библиотечния материал | Графични издания |
| Скрит в OPAC | Не |
| Периодичен библиозапис | Да |
| 944 ## - СЪЗДАВАНЕ И РЕДАКЦИЯ на ЗАПИСА | |
| Създаване/Редакция | Създаване |
| Дата на регистрацията/редакция | 19.06.2015 |
| Служител, извършил регистрацията/редакцията | Камелия_Данева |
| 944 ## - СЪЗДАВАНЕ И РЕДАКЦИЯ на ЗАПИСА | |
| Създаване/Редакция | Редакция |
| Дата на регистрацията/редакция | 19.06.2015 |
| Служител, извършил регистрацията/редакцията | Камелия_Данева |
| 999 ## - СИСТЕМНИ КОНТРОЛНИ НОМЕРА | |
| Koha biblioitemnumber | 211132 |
| Код за отписване | Код за изгубен артикул | Източник на класификационната схема | Код за повреда | Коз за рестрикции | Код за отдаване | Артикулен № | Име на библиотеката - собственик | Име на библиотеката, в която се намира в момента | Статус (Текущо местоположение) | Дата на вписване в системата | Местоположение - отдел | Цена в лева | Инвентарен номер | Систематично азбучна сигнатура | Баркод | Номер на екземпляра | Цена в евро | Служебна бележка | Служебен тип на артикула |
|---|---|---|---|---|---|---|---|---|---|---|---|---|---|---|---|---|---|---|---|
| Не е изгубен | Universal Decimal Classification | Не е повреден | без рестрикции | заемане за дома | 363000 | Регионална библиотека "Любен Каравелов" Русе | Регионална библиотека "Любен Каравелов" Русе | Отдел Изкуство - подръчен фонд | 1981-01-01 | Отдел Изкуство - подръчен фонд | 1.28 | 335759 | 75(092)/Д 96 | 120000335759 | 1 | 0.65 | Дост: Pk Вид: Ф N: стар фонд Дата: 01.01.1981 | Графични издания |